Giải pháp tài chính tín dụng hỗ trợ hoạt động xuất khẩu của các doanh nghiệp nhỏ và vừa /
Saved in:
| Main Author: | |
|---|---|
| Format: | Article |
| Language: | Vietnamese |
| Subjects: | |
| Tags: |
Add Tag
No Tags, Be the first to tag this record!
|
| Institutions: | Thư viện Trường Đại học Đà Lạt |
|---|
| LEADER | 00898nam a2200277 4500 | ||
|---|---|---|---|
| 001 | DLU110119094 | ||
| 005 | ##20110327 | ||
| 040 | # | # | |a DLU |b vie |
| 041 | # | # | |a vie |
| 044 | # | # | |a vn |
| 100 | # | # | |a Nguyễn Phương Liên, |c PGS.TS. |
| 245 | # | # | |a Giải pháp tài chính tín dụng hỗ trợ hoạt động xuất khẩu của các doanh nghiệp nhỏ và vừa / |c Nguyễn Phương Liên. |
| 653 | # | # | |a Chiến lược phát triển |
| 653 | # | # | |a Giải pháp tài chính |
| 653 | # | # | |a Phát triển sản xuất |
| 653 | # | # | |a Tín dụng |
| 773 | # | # | |t Khoa học thương mại |g Số 22, 2008, tr. 30-34 |
| 920 | # | # | |a Phòng Tạp chí -- Trung tâm Thông tin - Thư viện Trường Đại học Đà Lạt |
| 994 | # | # | |a DLU |
| 900 | # | # | |a True |
| 911 | # | # | |a Nguyễn Thị Linh Chi |
| 925 | # | # | |a G |
| 926 | # | # | |a A |
| 927 | # | # | |a BB |
| 980 | # | # | |a Thư viện Trường Đại học Đà Lạt |